| 000 | 01202cam a2200325 a 4500 | ||
|---|---|---|---|
| 001 | 76164 | ||
| 003 | BD-RjUL | ||
| 005 | 20211209082813.0 | ||
| 008 | 910905s1950 enkab 000 0 eng | ||
| 035 | _a(BD-RjUL)76385 | ||
| 035 | _a1653449 | ||
| 040 |
_aANL _beng _cANL _dNNCU:A |
||
| 041 | _aeng | ||
| 082 | 0 | 4 |
_a665.5 _223 _bBEO 1950 |
| 100 | 1 |
_aThompson, Arthur Beeby. _9234505 |
|
| 245 | 1 | 0 |
_aOil-field exploration and development : _ba practical guide for oil-field prospectors and operators, with which is incorporated a discussion of the origin and distribution of petroleum, and notes on oil-field legislation and customs ... / _cby A. Beeby Thompson. |
| 250 | _a2nd ed., enl. by the addition of new material. | ||
| 260 |
_aLondon : _bTechnical Press, _c1950. |
||
| 300 |
_a2 v. (lxv,1177,31 p.) : _bill., maps ; _c26 cm. |
||
| 505 | 0 | _aVol.1. Oil-field principles.--v.2. Oil-field practice. | |
| 650 | 0 |
_aPetroleum engineering. _9234506 |
|
| 650 | 0 |
_aPetroleum _xProspecting. _9234507 |
|
| 650 | 0 |
_aNatural gas. _9234508 |
|
| 650 | 0 |
_aOil fields. _9234509 |
|
| 942 |
_2ddc _cBK |
||
| 999 |
_c76164 _d76164 |
||